Would That I - Hozier (All Lyrics) - Statistics

General Stats
  • This quiz has been taken 365 times
  • The average score is 168 of 236
Answer Stats
Answer % Correct
I
100%
a
99%
that
99%
That
99%
the
97%
of
95%
Of
95%
tree
95%
like
94%
Like
94%
her
93%
me
93%
saw
93%
branch
92%
hair
92%
True
89%
Willow
89%
be
87%
in
86%
on
86%
to
86%
ago
85%
dancin'
85%
long
85%
Long
85%
not
84%
air
83%
and
82%
And
82%
covering
82%
love
82%
tonight
82%
it
81%
was
81%
before
80%
you
78%
but
77%
fire
77%
(Oooh)
77%
(Oooh, oooh)
77%
With
77%
with
77%
Oh
76%
(Oooh)
76%
it's
74%
your
74%
So
73%
by
69%
you're
69%
good
68%
as
66%
fell
66%
for
66%
baby
64%
Under
64%
hold
63%
light
63%
tight
63%
flame
62%
sound
62%
known
59%
must
59%
Must
59%
my
59%
ash
57%
blinding
56%
set
55%
alight
54%
heart
54%
Over
54%
ashes
53%
weeping
53%
would
53%
blink
52%
hand
52%
still
51%
bright
50%
canopy
50%
I'm
49%
is
49%
calicos
47%
feet
47%
never
47%
same
46%
gold
45%
sight
45%
worship
45%
All
44%
consumed
44%
snow
44%
fight
43%
alright
42%
cotton
42%
heat
42%
Let
42%
loved
42%
pure
42%
wood
42%
blaze
41%
cold
41%
loving
40%
Where
40%
each
39%
roar
39%
withdrawal
39%
ember
38%
I've
38%
fixed
36%
living
36%
roots
36%
Though
36%
soft
35%
glows
34%
rose
34%
loose
33%
waste
33%
amber
32%
dapple
32%
Fretted
32%
off
32%
there
32%
Watching
32%
handled
31%
Laying
31%
felled
29%
licked
29%
rise
29%
cut
26%
grain
26%
stood
26%
awe
23%
Settle
16%
No matching quizzes found
Score Distribution
Percent of People with Each Score
Percentile by Number Answered
Your Score History
You have not taken this quiz